BIBLIOTECA

SENCICO

Sustainable Architecture (Registro nro. 2337)

Detalles MARC
000 -LEADER
fixed length control field 00712nam a2200241Ia 4500
005 - DATE AND TIME OF LATEST TRANSACTION
control field 20251020182539.0
008 - FIXED-LENGTH DATA ELEMENTS--GENERAL INFORMATION
fixed length control field 200515s9999 xx 000 0 und d
020 ## - INTERNATIONAL STANDARD BOOK NUMBER
International Standard Book Number 978-84-15223-41-2
082 ## - DEWEY DECIMAL CLASSIFICATION NUMBER
Classification number 728.12.006/G25
100 ## - MAIN ENTRY--PERSONAL NAME
Personal name Garrido, Luis de
245 #0 - TITLE STATEMENT
Title Sustainable Architecture
260 ## - PUBLICATION, DISTRIBUTION, ETC.
Place of publication, distribution, etc. Barcelona
260 ## - PUBLICATION, DISTRIBUTION, ETC.
Name of publisher, distributor, etc. Instituto Monsa de Ediciones
260 ## - PUBLICATION, DISTRIBUTION, ETC.
Date of publication, distribution, etc. 2011
300 ## - PHYSICAL DESCRIPTION
Extent 95 p.
300 ## - PHYSICAL DESCRIPTION
Other physical details il.
500 ## - GENERAL NOTE
General note 1 ejemplar
520 ## - SUMMARY, ETC.
Summary, etc. El presente libro analiza con detalle las ventajas e inconvenientes de la vegetación integrada en la arquitectura, y como debe utilizarse de forma adecuada
650 ## - SUBJECT ADDED ENTRY--TOPICAL TERM
Topical term or geographic name entry element ARQUITECTURA PAISAJISTA
942 ## - ADDED ENTRY ELEMENTS (KOHA)
Koha item type Libros
Existencias
Fecha de la última vez que lo usaron Pago total Signatura topográfica completa Código de barras Precio efectivo desde Tipo de documento Estado perdido Estado dañado No es para préstamo Retirado Ubicación permanente Ubicación actual Fecha de adquisición
15/05/2020   728.12.006/G25 Bib-Lima15052337 15/05/2020 Libros         Biblioteca Central Lima Biblioteca Central Lima 15/05/2020